000 01243nam a2200337 a 4500
001 000108661
003 CHAP
005 20220329144020.0
008 140303s2012 mx | |sm |||||||spa|d
010 _a105123
011 _a106095
040 _cCHAP
090 _aTesis
100 1 _aLópez Cruz, Felícitas
_9125702
245 1 0 _aModelo estadístico para la estimación de rendimiento y selección de familias de medios hermanos maternos en girasol (Helianthus annus L.)
_h[En línea]
_cpor Felícitas López Cruz.
260 _aChapingo, Méx. :
_bEl autor,
_c2012.
500 _aPara ver el contenido del material haga clic en la liga
502 _aTesis (Ing. Agr. Esp. en Fitotecnia) -- UACH. Departamento de Fitotecnia
590 _aBATCH-UPD
_b05
_c20140324
_lUCH01
_h1536
590 _aBATCH-UPD
_b05
_c20141002
_lUCH01
_h0857
590 _aE792CSJ
_b05
_c20140303
_lUCH01
_h1046
590 _aE792CSJ
_b05
_c20140303
_lUCH01
_h1046
650 1 4 _aAceite de girasol
_9432
650 1 4 _aGirasol
_xGenética.
_948149
650 1 4 _aGirasol
_xRendimiento.
_948171
650 1 4 _aGirasol
_xSemilla.
_948175
856 _aFinding aid
_uhttp://10.13.5.2/tesis/sist108661.pdf
_zTeclea aquí
901 _aBK
942 _cTESIS
942 _n0
999 _c105123
_d105123